Context as other minds. The pragmatics of sociality, cognition and communication

Spremljeno u:
Bibliografski detalji
Glavni autor: Givon, Thomas (Autor)
Format: Knjiga
Jezik:engleski
Izdano: Amsterdam John Benjamins Publishing 2005
Teme:
Oznake: Dodaj oznaku
Bez oznaka, Budi prvi tko označuje ovaj zapis!

MARC

LEADER 00000nam a2200000 a 4500
001 UCI1935
003 CL-VaPUC
008 070727e20050000NE |||||||||||||||||eng|d
020 |a 9027232261 
082 0 4 |a 306.44  |b GIV  |2 21 
100 |a Givon, Thomas  |e author  |9 504100 
245 1 0 |a Context as other minds. The pragmatics of sociality, cognition and communication 
300 |a 283 p 
942 |c BK 
945 |d 20070727 00:00:00  |a rbrito 
260 |a Amsterdam  |b John Benjamins Publishing  |c 2005 
650 7 |a PRACMATICA LOGICA  |2 CL-VaPUC  |9 522751 
650 0 |a Semiótica  |9 265317 
650 7 |a CONOCIMIENTO  |2 CL-VaPUC  |9 308991 
650 0 |a Comunicación   |9 257251 
650 0 |a Semántica  |9 265318 
650 0 |a Gramática  |9 270497 
650 0 |a Análisis del discurso  |9 256696 
583 |a last modification  |c 20070727 00:00:00  |k Rodrigo Vera 
999 |c 326622  |d 326620 
952 |0 0  |1 0  |4 0  |6 306_440000000000000_GIV_2005  |7 0  |8 A  |9 408646  |a FDOPOS  |b FDOPOS  |d 2019-11-22  |i 4359372  |o 306.44 GIV 2005  |p 4359372  |r 2025-01-22  |w 2019-11-22  |y BK  |k MLA